[Event "4NCL (GBR-chT 9394)"]
[Site "Maidstone"]
[Date "1994.05.07"]
[Round "9.1"]
[White "Lalic, Bogdan"]
[Black "Quillan, Gary"]
[Result "1-0"]
[WhiteElo "2520"]
[BlackElo "2300"]
[PlyCount "119"]
[EventDate "1994.05.07"]
[EventType "team"]
[EventCountry "ENG"]
[WhiteTeam "Barbican"]
[BlackTeam "North West Eagles"]
[WhiteTeamCountry "ENG"]
[BlackTeamCountry "ENG"]

1. c4 Nf6 2. Nf3 c5 3. Nc3 Nc6 4. d4 cxd4 5. Nxd4 e6 6. g3 Bb4 7. Bg2 Qa5 8.
Ndb5 O-O 9. O-O a6 10. Nd6 Qc5 11. Nxc8 Bxc3 12. Nd6 Be5 13. Bf4 Bxf4 14. gxf4
Rab8 15. Rc1 Ne7 16. e3 Nf5 17. Nxf5 Qxf5 18. Qd6 Qa5 19. a3 b5 20. cxb5 Rxb5
21. Rc2 Rb6 22. Qc7 Qb5 23. b4 Rbb8 24. Rc5 Qd3 25. Ra5 d5 26. Rc1 d4 27. Qc2
Qxc2 28. Rxc2 dxe3 29. fxe3 Ng4 30. Rxa6 Rfd8 31. Bf3 Nxe3 32. Rc7 Rd4 33. Rac6
Kf8 34. Rc3 Nf5 35. R7c4 Ke7 36. Rxd4 Nxd4 37. Kf2 Rb5 38. Rc4 Nxf3 39. Kxf3
Kd6 40. a4 Rd5 41. a5 Rd3+ 42. Ke2 Ra3 43. Kd2 h6 44. h4 e5 45. Kc2 exf4 46.
Rxf4 f6 47. Kb2 Ra4 48. Kb3 Ra1 49. h5 Kc6 50. Rc4+ Kb5 51. Rc5+ Ka6 52. Rc6+
Kb7 53. Re6 Rh1 54. Re7+ Ka6 55. Rxg7 Rxh5 56. Ka4 Rf5 57. Rg6 h5 58. b5+ Kb7
59. Rg7+ Kb8 60. a6 1-0

[Event "4NCL (GBR-chT 9394)"]
[Site "Maidstone"]
[Date "1994.05.07"]
[Round "9.2"]
[White "Lund, D Brett"]
[Black "Flear, Glenn C"]
[Result "0-1"]
[WhiteElo "2270"]
[BlackElo "2500"]
[PlyCount "60"]
[EventDate "1994.05.07"]
[EventType "team"]
[EventCountry "ENG"]
[WhiteTeam "North West Eagles"]
[BlackTeam "Barbican"]
[WhiteTeamCountry "ENG"]
[BlackTeamCountry "ENG"]

1. g3 d5 2. Bg2 Nf6 3. f4 g6 4. Nf3 Bg7 5. O-O O-O 6. d3 b6 7. Qe1 Bb7 8. h3
Nbd7 9. Nc3 e6 10. g4 Qe7 11. e4 dxe4 12. dxe4 Nc5 13. Nh2 Rad8 14. g5 Nh5 15.
e5 Bxg2 16. Kxg2 Qd7 17. Qe2 Na4 18. Ne4 Qc6 19. Ng4 Rd4 20. Ngf2 Nxb2 21. c3
Rc4 22. Qxb2 Rxe4 23. Nxe4 Qxe4+ 24. Rf3 Rd8 25. Qb1 Qe2+ 26. Rf2 Qc4 27. Qc2
Bf8 28. Be3 Rd3 29. Qe2 Qe4+ 30. Rf3 Nxf4+ 0-1

[Event "4NCL (GBR-chT 9394)"]
[Site "Maidstone"]
[Date "1994.05.07"]
[Round "9.3"]
[White "Crouch, Colin"]
[Black "Kennaugh, Charles"]
[Result "1-0"]
[WhiteElo "2415"]
[BlackElo "2280"]
[PlyCount "81"]
[EventDate "1994.05.07"]
[EventType "team"]
[EventCountry "ENG"]
[WhiteTeam "Barbican"]
[BlackTeam "North West Eagles"]
[WhiteTeamCountry "ENG"]
[BlackTeamCountry "ENG"]

1. d4 Nf6 2. c4 e6 3. Nc3 d5 4. Nf3 dxc4 5. e4 Bb4 6. Bg5 c5 7. Bxc4 cxd4 8.
Nxd4 Bxc3+ 9. bxc3 Qa5 10. Bxf6 Qxc3+ 11. Kf1 Qxc4+ 12. Kg1 Nd7 13. Rc1 Qa6 14.
Bxg7 Rg8 15. Bh6 Nf6 16. e5 Ng4 17. Bf4 Qxa2 18. Ne2 Qa5 19. Qd6 Bd7 20. h3
Nxe5 21. Bxe5 Bc6 22. Bf6 Rxg2+ 23. Kf1 Rxf2+ 24. Kxf2 Qf5+ 25. Qf4 Qxf4+ 26.
Nxf4 Bxh1 27. Rxh1 Kd7 28. Rd1+ Kc6 29. Nd3 Kd5 30. Ke3 Rg8 31. Ne5+ Kc5 32.
Be7+ Kb5 33. Kf3 a5 34. Rb1+ Ka6 35. Bc5 b5 36. Nxf7 Rc8 37. Rc1 b4 38. Nd6
Rf8+ 39. Ke2 Rg8 40. Bf2 Rd8 41. Rc6# 1-0

[Event "4NCL (GBR-chT 9394)"]
[Site "Maidstone"]
[Date "1994.05.07"]
[Round "9.4"]
[White "Tebb, David"]
[Black "Lalic, Susan"]
[Result "0-1"]
[WhiteElo "2290"]
[BlackElo "2335"]
[PlyCount "52"]
[EventDate "1994.05.07"]
[EventType "team"]
[EventCountry "ENG"]
[WhiteTeam "North West Eagles"]
[BlackTeam "Barbican"]
[WhiteTeamCountry "ENG"]
[BlackTeamCountry "ENG"]

1. e4 e6 2. d4 d5 3. Nc3 dxe4 4. Nxe4 Bd7 5. Nf3 Bc6 6. Bd3 Nd7 7. O-O Ngf6 8.
Ng3 Be7 9. Ne5 Nxe5 10. dxe5 Nd7 11. Qe2 Nc5 12. Bc4 O-O 13. Rd1 Qe8 14. Rd4 b5
15. Nh5 bxc4 16. Rg4 f5 17. exf6 Bxf6 18. Nxg7 Bxg7 19. Bh6 Rf7 20. Qe5 Qe7 21.
Re1 Kh8 22. Bxg7+ Rxg7 23. Re3 Nd7 24. Qc3 Qf6 25. Qxc4 Rxg4 26. Qxc6 Rag8 0-1

[Event "4NCL (GBR-chT 9394)"]
[Site "Maidstone"]
[Date "1994.05.07"]
[Round "9.5"]
[White "Britton, Richard"]
[Black "James, David"]
[Result "1/2-1/2"]
[WhiteElo "2305"]
[BlackElo "2255"]
[PlyCount "64"]
[EventDate "1994.05.07"]
[EventType "team"]
[EventCountry "ENG"]
[WhiteTeam "Barbican"]
[BlackTeam "North West Eagles"]
[WhiteTeamCountry "ENG"]
[BlackTeamCountry "ENG"]

1. e4 c5 2. Nf3 d6 3. d4 cxd4 4. Nxd4 Nf6 5. Nc3 a6 6. Bc4 e6 7. Bb3 b5 8. O-O
Be7 9. Qf3 Qc7 10. Qg3 O-O 11. Bh6 Ne8 12. Rad1 Kh8 13. Bg5 Bxg5 14. Qxg5 Bb7
15. a3 Nc6 16. Nxc6 Bxc6 17. Rfe1 Rb8 18. Rd3 a5 19. Qd2 b4 20. axb4 axb4 21.
Na2 Nf6 22. Rd4 d5 23. exd5 Bxd5 24. Bxd5 Nxd5 25. Nxb4 Nxb4 26. Rxb4 Rfd8 27.
Rxb8 Qxb8 28. Qc1 h6 29. c4 Qb4 30. c5 Rd5 31. c6 Rc5 32. c7 Rxc7 1/2-1/2

[Event "4NCL (GBR-chT 9394)"]
[Site "Maidstone"]
[Date "1994.05.07"]
[Round "9.6"]
[White "Carr, S."]
[Black "Pritchett, Craig"]
[Result "0-1"]
[WhiteElo "2184"]
[BlackElo "2360"]
[PlyCount "44"]
[EventDate "1994.05.07"]
[EventType "team"]
[EventCountry "ENG"]
[WhiteTeam "North West Eagles"]
[BlackTeam "Barbican"]
[WhiteTeamCountry "ENG"]
[BlackTeamCountry "ENG"]

1. d4 Nf6 2. Nf3 e6 3. Bg5 c5 4. e3 Nc6 5. Nbd2 cxd4 6. exd4 Be7 7. c3 b6 8.
Bd3 Nd5 9. Bxe7 Qxe7 10. O-O Nf4 11. Be2 O-O 12. Re1 a5 13. Bf1 Ba6 14. Bxa6
Rxa6 15. Nc4 b5 16. Nce5 d6 17. Nxc6 Rxc6 18. Qd2 Nd5 19. Qd3 Rb8 20. a3 h6 21.
Nd2 Qg5 22. Rad1 Qxg2+ 0-1

[Event "4NCL (GBR-chT 9394)"]
[Site "Maidstone"]
[Date "1994.05.07"]
[Round "9.7"]
[White "Lewis, Andrew P"]
[Black "Dyce, Andrew"]
[Result "1-0"]
[WhiteElo "2330"]
[BlackElo "1904"]
[PlyCount "91"]
[EventDate "1994.05.07"]
[EventType "team"]
[EventCountry "ENG"]
[WhiteTeam "Barbican"]
[BlackTeam "North West Eagles"]
[WhiteTeamCountry "ENG"]
[BlackTeamCountry "ENG"]

1. c4 c6 2. d4 g6 3. e4 Bg7 4. Nc3 d6 5. Nf3 Nd7 6. Be2 Ngf6 7. e5 dxe5 8. dxe5
Ng8 9. e6 fxe6 10. Ng5 Bxc3+ 11. bxc3 e5 12. Ba3 Qa5 13. Bb4 Qb6 14. O-O Ngf6
15. c5 Nxc5 16. Bc4 Bf5 17. Nf7 Rf8 18. Nxe5 Nce4 19. Qb3 Nd6 20. Qa3 Nfe4 21.
Rae1 Rf6 22. g4 Bc8 23. Bxd6 Nxd6 24. Bb3 Nb5 25. Qc1 Qc7 26. Qh6 e6 27. f4 Qe7
28. g5 Rf8 29. c4 Nd4 30. Ng4 Nf5 31. Qh3 Rf7 32. Ne5 Rf8 33. Rd1 a5 34. Rd3
Nd6 35. Rfd1 Rxf4 36. Qg3 Rf5 37. Rxd6 Qxg5 38. Rd8+ Ke7 39. Ng4 Rf4 40. h3 h5
41. Qd3 Qc5+ 42. Kh1 hxg4 43. Rh8 Kf7 44. Rh7+ Kf6 45. Qd8+ Ke5 46. Re1+ 1-0

[Event "4NCL (GBR-chT 9394)"]
[Site "Maidstone"]
[Date "1994.05.07"]
[Round "9.8"]
[White "Dyce, Abigail"]
[Black "Byway, Paul"]
[Result "0-1"]
[WhiteElo "1704"]
[BlackElo "2295"]
[PlyCount "114"]
[EventDate "1994.05.07"]
[EventType "team"]
[EventCountry "ENG"]
[WhiteTeam "North West Eagles"]
[BlackTeam "Barbican"]
[WhiteTeamCountry "ENG"]
[BlackTeamCountry "ENG"]

1. d4 e6 2. Nf3 d5 3. Bg5 Be7 4. Bxe7 Qxe7 5. Nbd2 Nf6 6. e3 O-O 7. Bd3 c5 8.
c3 Nc6 9. O-O e5 10. dxe5 Nxe5 11. Nxe5 Qxe5 12. Nf3 Qc7 13. Qb1 b6 14. e4 Bb7
15. e5 Ne4 16. c4 f5 17. exf6 Nxf6 18. Ng5 dxc4 19. Bxh7+ Kh8 20. Bf5 Rae8 21.
Qc2 Bd5 22. Qc3 Ng8 23. Qh3+ Nh6 24. Ne6 Bxe6 25. Bxe6 Qe5 26. Bxc4 Qxb2 27. g4
Qd4 28. g5 Qg4+ 29. Qxg4 Nxg4 30. h3 Ne5 31. Bb5 Nf3+ 32. Kh1 Re5 33. g6 Nh4
34. f4 Re3 35. Bd7 Nxg6 36. f5 Ne5 37. Be6 Nf3 38. Kg2 Nd4 39. Rae1 Rxe1 40.
Rxe1 Nxf5 41. Bb3 g6 42. Re6 Rc8 43. Re4 c4 44. Bc2 Rd8 45. Kg1 b5 46. Re5 Nd4
47. Bd1 c3 48. Kf2 b4 49. Re4 c2 50. Bxc2 Nxc2 51. Rc4 Rd2+ 52. Kf3 Rd3+ 53.
Ke4 Rc3 54. Rxc3 bxc3 55. Kd3 Nb4+ 56. Kxc3 Nxa2+ 57. Kc4 Kg7 0-1

[Event "4NCL (GBR-chT 9394)"]
[Site "Maidstone"]
[Date "1994.05.07"]
[Round "9.1"]
[White "Beaumont, Chris"]
[Black "Sadler, Matthew"]
[Result "0-1"]
[WhiteElo "2365"]
[BlackElo "2535"]
[PlyCount "82"]
[EventDate "1994.05.07"]
[EventType "team"]
[EventCountry "ENG"]
[WhiteTeam "Bristol"]
[BlackTeam "Invicta Knights"]
[WhiteTeamCountry "ENG"]
[BlackTeamCountry "ENG"]

1. d4 d5 2. c4 dxc4 3. Nc3 a6 4. e3 Nf6 5. Bxc4 e6 6. Nf3 c5 7. O-O b5 8. Bd3
Bb7 9. Qe2 Nbd7 10. Rd1 Qb8 11. a3 Bd6 12. h3 cxd4 13. exd4 O-O 14. Re1 Nd5 15.
Ne5 Nxe5 16. dxe5 Nxc3 17. bxc3 Be7 18. a4 b4 19. cxb4 Bxb4 20. Bd2 Be7 21.
Rab1 Qc7 22. Bb4 Rfd8 23. Rec1 Qd7 24. Bd6 Bxd6 25. exd6 Bd5 26. Rb6 Qxa4 27.
Rc7 Qa1+ 28. Kh2 Qf6 29. Rxa6 Rxa6 30. Bxa6 Qf4+ 31. g3 Qxd6 32. Rc8 Rxc8 33.
Bxc8 g6 34. Ba6 Ba8 35. Qf1 Qd2 36. Be2 Qd4 37. Kg1 Bd5 38. Qd1 Qe4 39. f3 Qe3+
40. Kg2 g5 41. Qg1 Qxe2+ 0-1

[Event "4NCL (GBR-chT 9394)"]
[Site "Maidstone"]
[Date "1994.05.07"]
[Round "9.2"]
[White "Emms, John"]
[Black "Law, Andrew"]
[Result "1/2-1/2"]
[WhiteElo "2455"]
[BlackElo "2375"]
[PlyCount "84"]
[EventDate "1994.05.07"]
[EventType "team"]
[EventCountry "ENG"]
[WhiteTeam "Invicta Knights"]
[BlackTeam "Bristol"]
[WhiteTeamCountry "ENG"]
[BlackTeamCountry "ENG"]

1. e4 e5 2. Nf3 Nc6 3. Bb5 a6 4. Ba4 Nf6 5. O-O Be7 6. Re1 b5 7. Bb3 d6 8. c3
O-O 9. d3 Na5 10. Bc2 c5 11. Nbd2 Nc6 12. Nf1 Re8 13. a4 Rb8 14. h3 Bf8 15.
axb5 axb5 16. Bg5 h6 17. Bh4 Be7 18. Ne3 Be6 19. Bb3 Nd7 20. Bxe7 Rxe7 21. Bd5
Qb6 22. Ra3 Nf6 23. Qa1 Ra7 24. Rxa7 Nxa7 25. Bxe6 fxe6 26. Qa2 Kf7 27. d4 exd4
28. cxd4 c4 29. e5 dxe5 30. dxe5 Nd7 31. b3 cxb3 32. Qxb3 Nc6 33. Nf5 Nc5 34.
Nd6+ Kg8 35. Qc2 b4 36. Qg6 Nxe5 37. Nxe5 Qxd6 38. Qf7+ Kh7 39. Qg6+ Kg8 40.
Qf7+ Kh8 41. Qg6 Kg8 42. Qf7+ Kh7 1/2-1/2

[Event "4NCL (GBR-chT 9394)"]
[Site "Maidstone"]
[Date "1994.05.07"]
[Round "9.3"]
[White "Ansell, Simon T"]
[Black "Ward, Chris"]
[Result "1/2-1/2"]
[WhiteElo "2290"]
[BlackElo "2460"]
[PlyCount "81"]
[EventDate "1994.05.07"]
[EventType "team"]
[EventCountry "ENG"]
[WhiteTeam "Bristol"]
[BlackTeam "Invicta Knights"]
[WhiteTeamCountry "ENG"]
[BlackTeamCountry "ENG"]

1. e4 c5 2. Nf3 d6 3. d4 cxd4 4. Qxd4 a6 5. Be3 Nf6 6. Nc3 Ng4 7. Bg5 h6 8. Bh4
Nc6 9. Qd2 g5 10. Bg3 Bg7 11. Bc4 Be6 12. Bb3 Rc8 13. h4 gxh4 14. Rxh4 Nge5 15.
Nxe5 Nxe5 16. O-O-O Nc4 17. Bxc4 Rxc4 18. Nd5 Rd4 19. Qe1 Rxd1+ 20. Qxd1 Qa5
21. a3 Qc5 22. Rh5 Qc4 23. Qd3 Qxd3 24. cxd3 Kd7 25. Bf4 f5 26. Ne3 fxe4 27.
dxe4 Rc8+ 28. Kb1 Bf7 29. Rh3 h5 30. Nf5 Bf6 31. Rd3 Bc4 32. Rd2 Ke6 33. Ne3
Bb3 34. f3 Rg8 35. Rd3 Ba4 36. Rd5 h4 37. Rh5 Be8 38. Rh6 Rg6 39. Rxg6 Bxg6 40.
Nd5 Bh5 41. Nxf6 1/2-1/2

[Event "4NCL (GBR-chT 9394)"]
[Site "Maidstone"]
[Date "1994.05.07"]
[Round "9.4"]
[White "Ivanov, Alex"]
[Black "Baker, Chris"]
[Result "1/2-1/2"]
[WhiteElo "2535"]
[BlackElo "2260"]
[PlyCount "120"]
[EventDate "1994.05.07"]
[EventType "team"]
[EventCountry "ENG"]
[WhiteTeam "Invicta Knights"]
[BlackTeam "Bristol"]
[WhiteTeamCountry "ENG"]
[BlackTeamCountry "ENG"]

1. e4 e5 2. Nf3 Nc6 3. d4 exd4 4. Nxd4 Nf6 5. Nc3 Bb4 6. Nxc6 bxc6 7. Bd3 d5 8.
exd5 cxd5 9. O-O O-O 10. Bg5 c6 11. Ne2 Bd6 12. Nd4 Bc7 13. Re1 c5 14. Nf5 Be6
15. Qf3 c4 16. Bf1 Rb8 17. Rad1 Rxb2 18. Bxc4 Rxc2 19. Bxd5 Bxf5 20. Qxf5 Qc8
21. Qxc8 Rxc8 22. Bb3 Rc5 23. Bxf6 gxf6 24. Re7 Rf8 25. g3 Bb6 26. Rdd7 Kg7 27.
Bxf7 Bd8 28. Re8 Rxf7 29. Rdxd8 Rc2 30. Rg8+ Kh6 31. Rd4 Rc5 32. Kg2 Rg5 33.
Rh4+ Rh5 34. Kh3 Rxh4+ 35. Kxh4 Rb7 36. Rg4 Rb2 37. Rf4 Kg6 38. a4 a5 39. Kg4
Rb3 40. h4 h5+ 41. Kh3 Rb4 42. Kg2 Rb3 43. Re4 Ra3 44. Rc4 Kh6 45. g4 hxg4 46.
Rxg4 Rb3 47. f3 f5 48. Rf4 Rb4 49. Rxb4 axb4 50. a5 b3 51. a6 b2 52. a7 b1=Q
53. a8=Q Qb2+ 54. Kh3 Kg7 55. Qd8 Qb5 56. Qg5+ Kf7 57. h5 Qf1+ 58. Kg3 Qg1+ 59.
Kf4 Qc1+ 60. Kxf5 Qc5+ 1/2-1/2

[Event "4NCL (GBR-chT 9394)"]
[Site "Maidstone"]
[Date "1994.05.07"]
[Round "9.5"]
[White "Brooks, Philip"]
[Black "McDonald, Neil"]
[Result "1/2-1/2"]
[WhiteElo "2192"]
[BlackElo "2395"]
[PlyCount "34"]
[EventDate "1994.05.07"]
[EventType "team"]
[EventCountry "ENG"]
[WhiteTeam "Bristol"]
[BlackTeam "Invicta Knights"]
[WhiteTeamCountry "ENG"]
[BlackTeamCountry "ENG"]

1. d4 Nf6 2. c4 g6 3. Nc3 Bg7 4. e4 d6 5. Nge2 e5 6. f3 O-O 7. Bg5 c6 8. Qd2
Nbd7 9. d5 cxd5 10. cxd5 a6 11. Ng3 Qe8 12. Be2 Kh8 13. h4 h5 14. Bh6 Ng8 15.
Bxg7+ Kxg7 16. Nxh5+ gxh5 17. Qg5+ Kh7 1/2-1/2

[Event "4NCL (GBR-chT 9394)"]
[Site "Maidstone"]
[Date "1994.05.07"]
[Round "9.6"]
[White "Clark, Gary M"]
[Black "Truran, Michael"]
[Result "1/2-1/2"]
[WhiteElo "2312"]
[BlackElo "2272"]
[PlyCount "46"]
[EventDate "1994.05.07"]
[EventType "team"]
[EventCountry "ENG"]
[WhiteTeam "Invicta Knights"]
[BlackTeam "Bristol"]
[WhiteTeamCountry "ENG"]
[BlackTeamCountry "ENG"]

1. d4 f5 2. c4 Nf6 3. Nc3 g6 4. h4 d6 5. h5 Nxh5 6. Rxh5 gxh5 7. e4 Be6 8. Nh3
fxe4 9. Qxh5+ Bf7 10. Qb5+ Nd7 11. Ng5 Bg7 12. Nxf7 Kxf7 13. Nxe4 h6 14. Qh5+
Kf8 15. Qf5+ Nf6 16. Nxf6 exf6 17. Bd3 h5 18. Qf3 Bh6 19. Bf5 Bxc1 20. Rxc1 Rg8
21. Kf1 Rg5 22. Re1 Kg7 23. Re6 c6 1/2-1/2

[Event "4NCL (GBR-chT 9394)"]
[Site "Maidstone"]
[Date "1994.05.07"]
[Round "9.7"]
[White "Mordue, A Tyson"]
[Black "Chandler, Cliff"]
[Result "1/2-1/2"]
[WhiteElo "2240"]
[BlackElo "2288"]
[PlyCount "88"]
[EventDate "1994.05.07"]
[EventType "team"]
[EventCountry "ENG"]
[WhiteTeam "Bristol"]
[BlackTeam "Invicta Knights"]
[WhiteTeamCountry "ENG"]
[BlackTeamCountry "ENG"]

1. e4 e5 2. Nf3 Nc6 3. Bb5 a6 4. Bxc6 dxc6 5. O-O f6 6. d4 exd4 7. Nxd4 c5 8.
Nb3 Qxd1 9. Rxd1 Bd6 10. Be3 b6 11. Nc3 Ne7 12. a4 Kf7 13. Nd5 Nxd5 14. exd5
Re8 15. c4 Bf5 16. Rd2 Re4 17. Rc1 Rae8 18. h3 Bd7 19. Rd3 a5 20. Nd2 R4e7 21.
Ra3 f5 22. Nf3 h6 23. Bd2 g5 24. Kf1 f4 25. Re1 Rxe1+ 26. Bxe1 Kg6 27. Bc3 Bf5
28. Ne1 h5 29. b3 g4 30. hxg4 hxg4 31. Ra2 g3 32. Re2 Rxe2 33. Kxe2 gxf2 34.
Kxf2 Bb1 35. Nf3 Bc2 36. Nd2 Kf5 37. Bg7 Be5 38. Bf8 Bd4+ 39. Ke2 Kg4 40. d6
cxd6 41. Bxd6 Kg3 42. Nf1+ Kxg2 43. Bxf4 Bxb3 44. Ne3+ Bxe3 1/2-1/2

[Event "4NCL (GBR-chT 9394)"]
[Site "Maidstone"]
[Date "1994.05.07"]
[Round "9.8"]
[White "Hunt, Harriet"]
[Black "Richmond, Jane"]
[Result "1-0"]
[WhiteElo "2135"]
[BlackElo "2056"]
[PlyCount "53"]
[EventDate "1994.05.07"]
[EventType "team"]
[EventCountry "ENG"]
[WhiteTeam "Invicta Knights"]
[BlackTeam "Bristol"]
[WhiteTeamCountry "ENG"]
[BlackTeamCountry "ENG"]

1. e4 e6 2. d4 d5 3. Nd2 a6 4. c3 c5 5. Bd3 Nc6 6. Ngf3 Nf6 7. O-O cxd4 8. cxd4
Be7 9. Re1 O-O 10. e5 Ne8 11. Nf1 f5 12. exf6 Bxf6 13. Be3 Nd6 14. Ng3 g6 15.
Qd2 Nf7 16. Rad1 e5 17. dxe5 Ncxe5 18. Nxe5 Nxe5 19. Be2 Nc4 20. Bxc4 dxc4 21.
Qb4 Qc7 22. Bc5 Bd7 23. Qxc4+ Kh8 24. Re7 Rad8 25. Rexd7 Rxd7 26. Rxd7 Qxd7 27.
Bxf8 1-0

[Event "4NCL (GBR-chT 9394)"]
[Site "Maidstone"]
[Date "1994.05.07"]
[Round "9.1"]
[White "Richardson, John"]
[Black "Littlewood, Paul"]
[Result "0-1"]
[WhiteElo "2288"]
[BlackElo "2460"]
[PlyCount "80"]
[EventDate "1994.05.07"]
[EventType "team"]
[EventCountry "ENG"]
[WhiteTeam "Slough"]
[BlackTeam "Covent Garden"]
[WhiteTeamCountry "ENG"]
[BlackTeamCountry "ENG"]

1. d4 Nf6 2. c4 g6 3. Nc3 Bg7 4. g3 O-O 5. Bg2 c5 6. d5 d6 7. Nf3 Na6 8. O-O
Nc7 9. Bg5 h6 10. Bf4 Rb8 11. a4 a6 12. a5 b5 13. axb6 Rxb6 14. Qc1 Kh7 15. e4
Rb4 16. Na2 Rb6 17. e5 Nh5 18. Be3 Rb8 19. h3 dxe5 20. Bxc5 f5 21. Re1 e4 22.
Nd4 Bd7 23. Qd2 Rf6 24. Rad1 a5 25. Ne2 Na6 26. Bd4 Rd6 27. Bxg7 Nxg7 28. Nd4
Nc5 29. Bf1 Qb6 30. Rb1 Nd3 31. Bxd3 Qxd4 32. Re3 exd3 33. b3 a4 34. Rxd3 Qc5
35. Qc2 axb3 36. Qc3 bxa2 37. Rxb8 Qa7 38. c5 Qxb8 39. cxd6 Qb1+ 40. Kg2 a1=Q
0-1

[Event "4NCL (GBR-chT 9394)"]
[Site "Maidstone"]
[Date "1994.05.07"]
[Round "9.2"]
[White "Agnos, Demetrios"]
[Black "Summerscale, Aaron"]
[Result "1/2-1/2"]
[WhiteElo "2430"]
[BlackElo "2355"]
[PlyCount "64"]
[EventDate "1994.05.07"]
[EventType "team"]
[EventCountry "ENG"]
[WhiteTeam "Covent Garden"]
[BlackTeam "Slough"]
[WhiteTeamCountry "ENG"]
[BlackTeamCountry "ENG"]

1. d4 d5 2. c4 c6 3. Nf3 Nf6 4. Nc3 dxc4 5. a4 Bf5 6. e3 e6 7. Bxc4 Bb4 8. O-O
Nbd7 9. Qe2 Bg6 10. Bd3 Bxd3 11. Qxd3 O-O 12. Rd1 c5 13. Na2 Ba5 14. dxc5 Nxc5
15. Qe2 Qb6 16. b4 Bxb4 17. Nxb4 Qxb4 18. Ba3 Qa5 19. Qb5 Qxb5 20. axb5 Nfe4
21. Nd4 Rfc8 22. Bb4 a6 23. f3 Nf6 24. e4 Nfd7 25. Rac1 axb5 26. Nxb5 b6 27.
Rd6 h6 28. Rcd1 Ne5 29. Rxb6 Ncd7 30. Rb7 Rab8 31. Nd6 Rxb7 32. Nxb7 Rb8
1/2-1/2

[Event "4NCL (GBR-chT 9394)"]
[Site "Maidstone"]
[Date "1994.05.07"]
[Round "9.3"]
[White "Cummings, David"]
[Black "Ledger, Andrew"]
[Result "1/2-1/2"]
[WhiteElo "2376"]
[BlackElo "2375"]
[PlyCount "36"]
[EventDate "1994.05.07"]
[EventType "team"]
[EventCountry "ENG"]
[WhiteTeam "Slough"]
[BlackTeam "Covent Garden"]
[WhiteTeamCountry "ENG"]
[BlackTeamCountry "ENG"]

1. c4 Nf6 2. Nc3 e5 3. Nf3 Nc6 4. e3 Be7 5. d4 exd4 6. Nxd4 O-O 7. Be2 Re8 8.
O-O Nxd4 9. Qxd4 Bd6 10. Bf3 Be5 11. Qd3 d6 12. g3 Bh3 13. Bg2 Bxg2 14. Kxg2
Qd7 15. Nd5 c6 16. Nxf6+ Bxf6 17. Rb1 Rad8 18. b3 d5 1/2-1/2

[Event "4NCL (GBR-chT 9394)"]
[Site "Maidstone"]
[Date "1994.05.07"]
[Round "9.5"]
[White "Webb, Richard M"]
[Black "Wall, Gavin"]
[Result "1-0"]
[WhiteElo "2280"]
[BlackElo "2295"]
[PlyCount "91"]
[EventDate "1994.05.07"]
[EventType "team"]
[EventCountry "ENG"]
[WhiteTeam "Slough"]
[BlackTeam "Covent Garden"]
[WhiteTeamCountry "ENG"]
[BlackTeamCountry "ENG"]

1. e4 e5 2. Nf3 Nc6 3. Bb5 a6 4. Bxc6 dxc6 5. O-O f6 6. d4 exd4 7. Nxd4 c5 8.
Nb3 Qxd1 9. Rxd1 Bd6 10. Na5 b5 11. c4 Ne7 12. Be3 f5 13. Nc3 f4 14. e5 fxe3
15. exd6 exf2+ 16. Kxf2 O-O+ 17. Kg1 cxd6 18. Rxd6 Ra7 19. Rf1 Rxf1+ 20. Kxf1
Bf5 21. Kf2 Kf7 22. Rb6 Bd7 23. Ne4 Nc8 24. Rb7 Rxb7 25. Nxb7 bxc4 26. Nexc5
Bb5 27. a4 Be8 28. Ke3 Kf6 29. Kd4 Bc6 30. g3 Kf5 31. Na5 Be8 32. Nxc4 Kg4 33.
b3 Kh3 34. Ke3 Kxh2 35. Kf2 h5 36. Nxa6 Bf7 37. Nd2 Kh3 38. Nc5 h4 39. gxh4
Kxh4 40. b4 g5 41. Nf3+ Kh5 42. Ne4 Bc4 43. b5 Na7 44. Nd6 Bd5 45. Ne5 Kh4 46.
b6 1-0

[Event "4NCL (GBR-chT 9394)"]
[Site "Maidstone"]
[Date "1994.05.07"]
[Round "9.6"]
[White "Franklin, Michael J"]
[Black "Smith, Andrew P"]
[Result "1-0"]
[WhiteElo "2275"]
[BlackElo "2290"]
[PlyCount "121"]
[EventDate "1994.05.07"]
[EventType "team"]
[EventCountry "ENG"]
[WhiteTeam "Covent Garden"]
[BlackTeam "Slough"]
[WhiteTeamCountry "ENG"]
[BlackTeamCountry "ENG"]

1. c4 d6 2. Nc3 e5 3. g3 Nf6 4. Bg2 Be7 5. d3 O-O 6. e4 Ne8 7. Nge2 Bg5 8. f4
exf4 9. Nxf4 Nd7 10. O-O Ne5 11. h3 c6 12. Qe2 Nc7 13. d4 Ng6 14. Nxg6 hxg6 15.
d5 Bxc1 16. Raxc1 Qg5 17. Qf2 Na6 18. Qf4 Qe7 19. Rcd1 g5 20. Qd2 c5 21. Rde1
f6 22. Nd1 Bd7 23. b3 Rae8 24. Nf2 b6 25. g4 Nb8 26. a4 Bc8 27. a5 Nd7 28. axb6
axb6 29. Ra1 Ne5 30. Ra8 Bb7 31. Ra7 Ra8 32. Rfa1 Qc7 33. Rxa8 Bxa8 34. Qc3 Qb7
35. Bf1 Re8 36. Ra2 Qc7 37. Be2 Bb7 38. Ra7 Ra8 39. Qa1 Qb8 40. Rxa8 Qxa8 41.
Qxa8+ Bxa8 42. Nd3 Nd7 43. Nb2 Bb7 44. Na4 Kf7 45. Kf2 Ke7 46. Ke3 Kd8 47. Nc3
Nb8 48. Na2 Na6 49. Bd3 Bc8 50. Kd2 Bd7 51. Ke3 Nc7 52. Nc3 Ke7 53. Kf3 Kd8 54.
Ke3 Kc8 55. Kd2 Kb7 56. Nd1 Ka6 57. Ne3 Ka5 58. Kc3 g6 59. e5 dxe5 60. Bxg6 Be8
61. d6 1-0

[Event "4NCL (GBR-chT 9394)"]
[Site "Maidstone"]
[Date "1994.05.07"]
[Round "9.7"]
[White "Noyce, Robert"]
[Black "McShane, Luke"]
[Result "1-0"]
[WhiteElo "2230"]
[BlackElo "1920"]
[PlyCount "147"]
[EventDate "1994.05.07"]
[EventType "team"]
[EventCountry "ENG"]
[WhiteTeam "Slough"]
[BlackTeam "Covent Garden"]
[WhiteTeamCountry "ENG"]
[BlackTeamCountry "ENG"]

1. e4 c5 2. Nc3 Nc6 3. f4 d6 4. Bb5 Bd7 5. Nf3 g6 6. d3 Bg7 7. O-O Nf6 8. e5
dxe5 9. fxe5 Ng4 10. Bxc6 Bxc6 11. Qe2 Nxe5 12. Nxe5 Qd4+ 13. Be3 Qxe5 14. Rae1
O-O 15. Bf2 Qxe2 16. Rxe2 b6 17. Rxe7 Rfe8 18. Rfe1 Rxe7 19. Rxe7 Re8 20. Rxe8+
Bxe8 21. Bg3 b5 22. Bf2 c4 23. dxc4 b4 24. Nd1 a6 25. Bc5 Bd7 26. Bxb4 Bd4+ 27.
Kf1 Bf5 28. c3 Bd3+ 29. Ke1 Be5 30. Kd2 Bxc4 31. b3 Bd5 32. g3 f5 33. Ne3 Be4
34. Nc4 Bb8 35. Bd6 Ba7 36. Ne3 Kf7 37. a3 Ke6 38. Bf4 Bb6 39. c4 Bd4 40. Nd1
Bg1 41. h4 Bd4 42. Nc3 Bc6 43. Kd3 Bg7 44. b4 Bd7 45. Nd5 Bc8 46. a4 Bf8 47.
Kd4 Bb7 48. b5 axb5 49. Nc7+ Kd7 50. axb5 Ba3 51. c5 Bb2+ 52. Kc4 Bf6 53. Nd5
Bd8 54. Bg5 Ba5 55. c6+ Bxc6 56. Nf6+ Kc7 57. Bf4+ Kb7 58. bxc6+ Kxc6 59. Nxh7
Kd7 60. Nf8+ Ke7 61. Nxg6+ Kf6 62. h5 Be1 63. Kd5 Bf2 64. Kd6 Be1 65. Kd7 Bf2
66. Ke8 Bc5 67. Nf8 Bf2 68. h6 Bd4 69. Nd7+ Kg6 70. Kf8 Kh7 71. Kf7 Bc3 72.
Nf6+ Kh8 73. Kg6 Bd4 74. Nd7 1-0

[Event "4NCL (GBR-chT 9394)"]
[Site "Maidstone"]
[Date "1994.05.07"]
[Round "9.8"]
[White "Lauterbach, Ingrid"]
[Black "Houska, Jovanka"]
[Result "1-0"]
[WhiteElo "2120"]
[BlackElo "1872"]
[PlyCount "87"]
[EventDate "1994.05.07"]
[EventType "team"]
[EventCountry "ENG"]
[WhiteTeam "Covent Garden"]
[BlackTeam "Slough"]
[WhiteTeamCountry "ENG"]
[BlackTeamCountry "ENG"]

1. e4 d5 2. exd5 Nf6 3. Nf3 Nxd5 4. d4 g6 5. Be2 Bg7 6. O-O O-O 7. c4 Nb6 8.
Nc3 Bg4 9. h3 Bxf3 10. Bxf3 c6 11. c5 N6d7 12. Bg5 Re8 13. Qd2 Nf8 14. Rad1 Ne6
15. Be3 Nd7 16. b4 Nf6 17. a4 Qc7 18. d5 Rad8 19. Qa2 cxd5 20. Nxd5 Qc8 21.
Rfe1 Nc7 22. Nxc7 Qxc7 23. b5 Nd7 24. Qd5 Bc3 25. Rf1 b6 26. Qb3 Bg7 27. c6 Ne5
28. Be4 e6 29. Rxd8 Qxd8 30. Rd1 Qh4 31. f4 f5 32. Bc2 Nf7 33. Qc4 Ne5 34. Qe2
Nf7 35. Bb3 Qe7 36. Rd7 Qb4 37. Qd1 Qe4 38. Qd3 Qb4 39. c7 Qe1+ 40. Kh2 Ne5 41.
Rxg7+ Kxg7 42. fxe5 Qh4 43. Qd7+ Re7 44. Qxe7+ 1-0